| 000 | 01221nam a2200349 c 4500 | ||
|---|---|---|---|
| 999 |
_c115268 _d115268 |
||
| 003 | BLK | ||
| 005 | 20250618155451.0 | ||
| 008 | 180409b bul|||||r ||||||| ||bul|| | ||
| 010 | _aKNG00120745000 | ||
| 040 | _aBLK | ||
| 041 |
_aBUL _cBUL |
||
| 080 |
_aХудожествени ръкоделия _b746 _x(497.2) _z746(497.2) |
||
| 080 |
_aОблекло. Носия. Мода. Накит. Вж и 613.4 ; 646 ; 687 _b391 _x(497.2) _z391(497.2) |
||
| 100 |
_aКоев, Иван _9314021 |
||
| 139 |
_aКоев, Иван _bК 73 |
||
| 245 | 1 | 0 |
_aБългарска везбена и тъканна орнаментика _bМоногр. _cИван Коев. |
| 257 | _aBGR | ||
| 260 |
_bСептември _c1982 _aСофия |
||
| 300 |
_a96 с. _bил. _c19 см |
||
| 380 | _a7 | ||
| 650 | 4 |
_aШевици, български _9177812 |
|
| 651 | 4 |
_aБългария _9241624 |
|
| 653 | _aбългарски шевици | ||
| 852 |
_aЦб 117686 _bЦб |
||
| 856 | 4 | _qpdf | |
| 856 | 4 | _qpdf | |
| 942 |
_cKNG _n0 _010 _s1 |
||
| 944 |
_aCR _c12.01.2011 _lРусанова Ирена _k30542 |
||
| 944 |
_aED _c21.08.2015 _lдобави в АБ / 11.01.2011 |
||
| 944 |
_aED _c2022-05-03 |
||
| 999 | _d115268 | ||